000 00699nam a2200229 u 4500
005 20240925064514.0
008 080227s2005 ve r 000 0 spa d
020 _a9803950959
035 _aUPN01000154577
049 _aI
050 4 _aPZ71
_bA4.36
100 1 _aAlvarez, Ivel
_930732
245 1 3 _aEl color de la paz /
_cIvel Alvarez ; il. Walter Sorg.
260 _a[Venezuela] :
_bEl Nacional,
_c2005.
300 _a16 p. :
_bprincipalmente il. col.
440 0 _aBrújula de papel.
_pCiencias de la naturaleza y tecnología ;
_v37
650 4 _aLibros y lectura para niños
_92290
650 4 _aPaz
_96176
650 4 _aCOLORES
_96786
700 1 _aSorg, Walter,
_eil.
905 _aInfantil
999 _c126694
_d126694